Представление документа в формате RUSMARC

ПолеНазваниеЗначение
  Тип записи a
  Библиографический уровень m
001 Контрольный номер RU/IS/BASE/360160256
005 Дата корректировки 20180510181945.7
010 Индекс ISBN __
a ISBN 978-5-7905-4361-6
d Цена 64-00
101 Язык документа 0_
a Язык текста rus
200 Заглавие и сведения об ответственности 1_
a Заглавие Грибы России
f Первые сведения об ответственности И. Уханова , Ю. Манжура
210 Выходные данные __
a Место издания Москва
c Издательство Рипол классик
d Дата издания 2008
215 Физическое описание __
a Объем 318 , [1] с.
c Иллюстрации/тип воспроизводства фот.
318 Примечание о действии __
a Действие п
320 Библиография __
a Библиография Указ.: с. 281-313 с.
330 Аннотация __
a Аннотация Авторы книги, сами заядливые грибники, подробно описали внешний вид, вкусовые качества и лекарственные свойства грибов, а также рецепты блюд из грибов. Эта книга хороший компас на российских лесных просторах.
606 Тематические рубрики __
a Основная рубрика Лесное хозяйство
y Географическая подрубрика Россия
610 Ключевые слова __
a Ключевые слова грибы
610 Ключевые слова __
a Ключевые слова отравления грибами
610 Ключевые слова __
a Ключевые слова лекарственные свойства грибов
610 Ключевые слова __
a Ключевые слова искусственное выращивание грибов
610 Ключевые слова __
a Ключевые слова сушка грибов
610 Ключевые слова __
a Ключевые слова соление грибов
610 Ключевые слова __
a Ключевые слова замораживание грибов
610 Ключевые слова __
a Ключевые слова грибные закуски
610 Ключевые слова __
a Ключевые слова блюда грибные
686 Индексы других классификаций __
a Индекс ББК 43.986(2Рос)
686 Индексы других классификаций __
a Индекс ББК 36.992
700 Автор _1
a Фамилия Уханова
b Имя И.
g Полное личное имя Ирина
701 Альтернативная интеллектуальная ответственность (другие авторы) _1
a Фамилия Манжура
b Имя Ю.
g Полное личное имя Юрий
801 Источник записи _0
a Страна RU
b Организация Центральная районная библиотека им. Г.А. Пирожникова
g Правила каталогизации ОКиО/Струналь
801 Источник записи _1
a Страна RU
b Организация Центральная районная библиотека им. Г.А. Пирожникова
g Правила каталогизации ОКиО/Струналь
852 Данные о местонахождении __
j Шифр хранения 43.986(2Рос)
i Авторский знак У 89
b Сигла хранения ООЧ; 8; 9; 14; 16; 18; 22; 24; 26; 29
901 Тип документа __
t Тип документа m
990 Данные о заказе (DOS) __
j Количество экземпляров (DOS) 10
h N записи в КСУ для Б/У (DOS) 2011-6